000 00320nam a22001337a 4500
008 210303b ||||| |||| 00| 0 eng d
020 _a9780078035500
041 _aeng
080 _27th
_a316
100 _a50
101 _aSOC
245 _aA topical Approach to Life-Span Development
_cSantrock,W.J
942 _2udc
_cBK
999 _c55705
_d55705